Autofobia : (Record no. 5063)
[ view plain ]
| 000 -CABECERA | |
|---|---|
| campo de control de longitud fija | 00739ngm a2200181 a 4500 |
| 005 - FECHA Y HORA DE LA ÚLTIMA TRANSACCIÓN | |
| campo de control | 20210223120651.0 |
| 008 - ELEMENTOS DE LONGITUD FIJA--INFORMACIÓN GENERAL | |
| campo de control de longitud fija | 991125s2000 mx 015 aaspa u |
| 035 ## - NÚMERO DE CONTROL DEL SISTEMA | |
| Número de control de sistema | UPN01000005063 |
| 049 ## - COLECCIÓN | |
| Colección | AV |
| 050 #4 - SIGNATURA TOPOGRÁFICA DE LA BIBLIOTECA DEL CONGRESO | |
| Número de clasificación | PVI H 0427 |
| 245 00 - MENCIÓN DE TÍTULO | |
| Título | Autofobia : |
| Resto del título | el arte de conducir en la autopista, 2ê parte. |
| 260 ## - PUBLICACIÓN, DISTRIBUCIÓN, ETC. | |
| Lugar de publicación, distribución, etc. | México : |
| Nombre del editor, distribuidor, etc. | Centro Visual Educativo, |
| Fecha de publicación, distribución, etc. | [s.a.]. |
| 300 ## - DESCRIPCIÓN FÍSICA | |
| Extensión | 1 videocasete (VHS) (15 min.) : |
| Otras características físicas | son., col. |
| 520 ## - NOTA DE RESUMEN, ETC. | |
| Sumario, etc. | Muestra una serie de recomendaciones en relación a las normas básicas para manejar automóviles y las precauciones necesarias para evitar accidentes, la información se presenta con dibujos animados |
| 650 #4 - ASIENTO SECUNDARIO DE MATERIA - TERMINO TEMATICO | |
| Término de materia o nombre geográfico como elemento de entrada | AUTOMOVILES - |
| Subdivisión general | CONDUCTORES |
| 9 (RLIN) | 2965 |
| 650 #4 - ASIENTO SECUNDARIO DE MATERIA - TERMINO TEMATICO | |
| Término de materia o nombre geográfico como elemento de entrada | AUTOPISTAS |
| 9 (RLIN) | 3824 |
| 905 ## - TIPO DE MATERIAL | |
| Tipo de material | Audiovisuales |
| Estado de retiro | Estado de pérdida | Fuente del sistema de clasificación o colocación | Estado dañado | No para préstamo | Código de colección | Localización permanente | Ubicación/localización actual | Ubicación en estantería | Total de préstamos | Clasificación | Código de barras | Fecha visto por última vez | Número de copia | Tipo de ítem Koha |
|---|---|---|---|---|---|---|---|---|---|---|---|---|---|---|
| Library of Congress Classification | Audiovisuales | Bib. Gregorio Torres Quintero | Bib. Gregorio Torres Quintero | Audiovisual | PVI H 0427 | 0427PVI | 31/12/2020 | 1 | Videocasete |
